La segunda guerra mundial (Record no. 8248)

MARC details
000 -LEADER
campo de control de longitud fija 00945nam a2200277 i 4500
001 - NÚMERO DE CONTROL
campo de control 8248
003 - IDENTIFICADOR DE NÚMERO DE CONTROL
campo de control ES-MaACL
005 - FECHA Y HORA DE LA ÚLTIMA TRANSACCIÓN
campo de control 20230906145421.0
007 - CAMPO FIJO DE DESCRIPCIÓN FÍSICA--INFORMACIÓN GENERAL
campo de control de longitud fija t|
008 - DATOS DE LONGITUD FIJA--INFORMACIÓN GENERAL
campo de control de longitud fija 920424s1986 sp |||| | spa d
020 ## - NÚMERO INTERNACIONAL ESTÁNDAR DEL LIBRO
Número Internacional Estándar del Libro 84-7423-281-3
080 ## - NÚMERO DE LA CLASIFICACIÓN DECIMAL UNIVERSAL
Número de la Clasificación Decimal Universal 338(100)"1939/45"
100 1# - ENTRADA PRINCIPAL--NOMBRE DE PERSONA
Nombre de persona Milward, Alan S.
9 (RLIN) 81301
245 13 - MENCIÓN DEL TÍTULO
Título La segunda guerra mundial
Resto del título : 1939-1945 /
Mención de responsabilidad, etc. Alan S. Milward ; traducción castellana de Antonio Menduiña y Juan Tugores.
260 ## - PUBLICACIÓN, DISTRIBUCIÓN, ETC.
Lugar de publicación, distribución, etc. Barcelona :
Nombre del editor, distribuidor, etc. Crítica,
Fecha de publicación, distribución, etc. [1986]
300 ## - DESCRIPCIÓN FÍSICA
Extensión 454 p. ;
Dimensiones 20 cm.
490 1# - MENCIÓN DE SERIE
Mención de serie Historia económica mundial del siglo XX ;
Designación de volumen o secuencia 5
500 ## - NOTA GENERAL
Nota general Bibliografía: p. 425-444.
650 14 - PUNTO DE ACCESO ADICIONAL DE MATERIA--TÉRMINO DE MATERIA
Término de materia o nombre geográfico como elemento de entrada Guerra mundial, 1939-1945-
Subdivisión general Aspectos económicos.
9 (RLIN) 167691
700 1# - ENTRADA AGREGADA--NOMBRE PERSONAL
Nombre de persona Menduiña, Antonio.
9 (RLIN) 80273
700 1# - ENTRADA AGREGADA--NOMBRE PERSONAL
Nombre de persona Tugores Ques, Juan.
9 (RLIN) 111658
830 0# - PUNTO DE ACCESO ADICIONAL DE SERIE-TÍTULO UNIFORME
Título uniforme Historia económica mundial del siglo XX ;
Designación de volumen o secuencia 5
9 (RLIN) 177970
852 ## - LOCALIZACIÓN
Ubicación ES-MaACL
Número de control de estantería L-15744
852 ## - LOCALIZACIÓN
Ubicación ES-MaACL
Número de control de estantería L-15971
Holdings
Estatus retirado Estado de pérdida Estado de daño No para préstamo Biblioteca de origen Biblioteca actual Ubicación en estantería Fecha de adquisición Fuente de adquisición Total de préstamos Signatura topográfica completa Código de barras Visto por última vez Precio de reemplazo Tipo de ítem Koha
        Biblioteca del Ateneo de Madrid Biblioteca del Ateneo de Madrid Depósito 2 17/01/2008     L-15971 1008419 23/02/2023 23/02/2023 Libro impreso
        Biblioteca del Ateneo de Madrid Biblioteca del Ateneo de Madrid Depósito 2 17/01/2008     L-15744 1008418 23/02/2023 23/02/2023 Libro impreso